000 00358nam a22001217a 4500
999 _c628
_d628
005 20200817110648.0
008 200817b ||||| |||| 00| 0 eng d
020 _a0801419115
040 _cCML
245 _aThe Politics of International Debt.
_cKahler, M.
260 _aLondon
_bCornell University Press
_c1985
942 _2ddc
_cBK
_h327.111
_mKAH